Bộ sách: Những quy trình kỹ thuật mạ kim loại và hợ kim

Spremljeno u:
Bibliografski detalji
Glavni autor: Nguyễn, Khương
Format: Knjiga
Jezik:Undetermined
Izdano: Hà Nội Khoa học và kỹ thuật 2006
Teme:
Oznake: Dodaj oznaku
Bez oznaka, Budi prvi tko označuje ovaj zapis!
Thư viện lưu trữ: Trung tâm Học liệu Trường Đại học Cần Thơ
LEADER 00613nam a2200193Ia 4500
001 CTU_128057
008 210402s9999 xx 000 0 und d
020 |c 29000 
082 |a 671.732 
082 |b Kh561/T.2 
100 |a Nguyễn, Khương 
245 0 |a Bộ sách: Những quy trình kỹ thuật mạ kim loại và hợ kim 
245 0 |c Nguyễn Khương 
260 |a Hà Nội 
260 |b Khoa học và kỹ thuật 
260 |c 2006 
650 |a Electroplating,Thuật mạ điện 
904 |i Tuyến 
980 |a Trung tâm Học liệu Trường Đại học Cần Thơ